LEGO Architecture sets by picture - Statistics

General Stats
  • This quiz has been taken 78 times
  • The average score is 8 of 10
Answer Stats
Picture Answer % Correct
London
97%
Statue of Liberty
96%
New York City
93%
Paris
93%
Great Pyramid of Giza
91%
Taj Mahal
90%
Notre-Dame
76%
Singapore
76%
LEGO house
66%
Himeji Castle
38%
No matching quizzes found
Score Distribution
Percent of People with Each Score
Percentile by Number Answered
Your Score History
You have not taken this quiz